| 000 | 00909nam a2200205 i 4500 | ||
|---|---|---|---|
| 001 | 161333 | ||
| 003 | ES-MaACL | ||
| 005 | 20230906212249.0 | ||
| 008 | 931025s1883 sp |||| | spa d | ||
| 040 |
_aAS _bspa _cPAB |
||
| 100 | 1 |
_aPando y Valle, Jesús. _988758 |
|
| 245 | 1 | 0 |
_aGalería de americanos ilustres / _cpor Jesús Pando y Valle. |
| 260 |
_aMadrid : _b[s.n.], _c1883 ( _fImprenta de R. Moreno y R. Rojas) |
||
| 300 |
_a47 p. : _b1 retr. ; _c21 cm. |
||
| 530 | _aDisponible también en sitio web. | ||
| 594 | _aPrecede al tít.: "Regalo a los suscriptores de "Los dos mundos"" | ||
| 700 | 1 |
_aBalmaseda, Francisco Javier ( _d1833-1907) _925095 |
|
| 852 |
_aES-MaACL _jT-425-F-6 _z-- Enc. hol. _q-- Falto de la cub. original _z-- Enc. en un vol. facticio |
||
| 856 |
_uhttp://bibliotecadigitalhispanica.bne.es:80/webclient/DeliveryManager?pid=1885939&custom_att_2=simple_viewer _zIr a la página |
||
| 999 |
_c161333 _d161333 |
||